000
00276nam a2200121Ia 4500
008
190216s9999||||xx |||||||||||||| ||und||
100
_a
Null
245
0
_a
Hindi-Madan Rathgol Shashthri
260
_b
Mac Millian And Com. Ltd
300
_a
56
650
_a
Hindi
942
_c
BK
999
_c
16084
_d
16084